| 000 | 01382pam a2200337 a 4500 | ||
|---|---|---|---|
| 001 | 1125994 | ||
| 003 | NUST-PNEC | ||
| 005 | 20170116180708.0 | ||
| 008 | 940812s1994 ne a 100 0 eng | ||
| 010 | _a 94034765 | ||
| 020 | _a0444819711 | ||
| 040 | _cPNEC | ||
| 050 | 0 | 0 |
_aTS176 _b.A343 1994 |
| 082 | 0 | 0 |
_a670.42 SOD _220 |
| 100 |
_9422 _aSodhi, R.S. |
||
| 245 | 0 | 0 |
_aAdvances in manufacturing systems : _bdesign, modeling, and analysis / _cedited by R.S. Sodhi ; assistant editors, M. Zhou and S. Das. |
| 260 |
_aAmsterdam ; _aNew York : _bElsevier, _c1994. |
||
| 300 |
_axiv, 462 p. : _bill. ; _c25 cm. |
||
| 440 | 0 |
_aManufacturing research and technology ; _v22 |
|
| 500 | _aIncludes Index http://www.amazon.com/s/ref=nb_sb_noss?url=search-alias%3Dstripbooks&field-keywords=0444819711 | ||
| 504 | _aIncludes bibliographical references. | ||
| 650 | 0 | _aProduction engineering. | |
| 650 | 0 | _aProduction management. | |
| 650 | 0 | _aManufacturing processes. | |
| 650 | 0 |
_aProduction control. _xIME |
|
| 700 | 1 |
_aSodhi, R. S. _q(Raj S.) |
|
| 711 | 2 |
_aInternational Conference on CAD/CAM, Robotics, and Factories of the Future _n(9th : _d1993 : _cNewark, N.J.) |
|
| 906 |
_a7 _bcbc _corignew _d1 _eocip _f19 _gy-gencatlg |
||
| 942 |
_2ddc _cBK |
||
| 999 |
_c60806 _d60806 |
||